000 00750nam a2200253Ia 4500
003 OSt
005 20220918214557.0
006 a|||||r|||| 00| 0
007 ta
008 220917b |||||||| |||| 00| 0 eng d
024 _a138,117
037 _cTextual
040 _aARTS
_cARTS
_beng
041 _2eng
_aeng
082 _aY:1, N0
100 _aAlexander Jeffrey C ed
_9131792
245 0 _aCulture and society edited by Jeffrey C Alexander and Steven Seidman
260 _aCambridge
_bCambridge University Press
_c1990
300 _a375p.
_ccm.
650 _aSOCIOLOGY; CULTURE
700 _a Seidman Steven ed
_9131793
942 _hY:1, N0
_cTEXL
_2CC
999 _c261190
_d261190